000
00309nam a2200121Ia 4500
008
220204s9999 xx 000 0 und d
082
_a
066
_b
CLA
100
_a
Clausen, Chris A
245
0
_a
Principles of industrial chemistry
260
_a
New York
_b
John Wiley
_c
1978
700
_a
Mattson, Guy
942
_c
BK
999
_c
31264
_d
31264